00538 a2200181 4500010001400000020001000014035001300024037002000037082001300057100001800070245004300088246005800131250001100189260003900200270007200239300001500311650003000326 aTML-30215 c60.00 aTM-28451 bD.B.Act / pub / a894.8113 aKamuthurai, M aKappalil vandha NagaramcM. Kamuthurai aகப்பபில் வந்த நகரம் a1st ed aChennaibSandhya Pathippagamc2006 aFlat A, Neu tech vaibahav,57-53rd st, Ashok NagarbChennaie600083 a126pc22cm aTamil LiteraturexFiction